Karrierestationen von Fußballern #2 - Statistiken

Allgemein
  • Dieses Quiz wurde 93 mal gespielt
  • Das Durchschnittsergebnis liegt bei 11 aus 15
Antwortstatistiken
Hint Antwort % Korrekt
Sporting CP, Manchester United, Real Madrid, Juventus, Manchester United, Al Nassr Cristiano Ronaldo
92%
Birmingham City, Borussia Dortmund, Real Madrid Jude Bellingham
92%
Borussia Dortmund, Bayern München, Borussia Dortmund, PSV Eindhoven, Eintracht Frankfurt Mario Götze
91%
1. FC Nürnberg, Borussia Dortmund, Manchester City, FC Barcelona, Manchester City Ilkay Gündoğan
90%
Werder Bremen, Greuther Fürth, Werder Bremen, 1. FC Nürnberg, Hannover 96, SV Werder Bremen, Borussia Dortmund, West Ham United Niclas Füllkrug
82%
Paris Saint-Germain, Juventus, Bayern München Kingsley Coman
81%
Rosario Central, Benfica Lissabon, Real Madrid, Manchester United, Paris Saint-Germain, Juventus Turin, Benfica Lissabon Ángel Di María
79%
AC Le Havre,AC Mailand, Dijon FCO, AC Mailand, LOSC Lille, AC Mailand, AS Monaco, AC Mailand, AS Saint-Étienne, Borussia Dortmund, Arsenal, FC Barcelona, Chelsea, Al-Qadsiah FC Pierre-Emerick Aubameyang
79%
Chemnitzer FC, 1. FC Kaiserslautern, Bayer Leverkusen, Bayern München, FC Chelsea, Bayer Leverkusen Michael Ballack
77%
Marítimo, FC Porto, Real Madrid, Beşiktaş Istanbul, FC Porto Pepe
68%
Bayern München, VFB Stuttgart, Bayern München Philipp Lahm
64%
RS Futebol, Juventude, Werder Bremen, VFL Wolfsburg, FC Schalke 04, AS Monaco Naldo
60%
Valencia CF, SD Eibar, Valencia CF, Celta Vigo, Valencia CF, Manchester City, Real Sociedad David Silva
54%
1. FC Heidenheim, Cardiff City, 1. FSV Mainz 05, Cardiff City, Hamburger SV Robert Glatzel
44%
Greuther Fürth, Arminia Bielefeld, FC Schalke 04, Hamburger SV, Betis Sevilla, Ajax Amsterdam, Austria Wien Heiko Westermann
42%
Keine übereinstimmenden Quizze gefunden
Verteilung der Resultate
Anzahl Personen mit jedem Resultat
Perzentil nach korrekt beantworteten Fragen
Ihre Resultats-Entwicklung
Sie haben dieses Quiz noch nicht gespielt